Normal view
MARC view
- Schreyer, Alexander
Entry Personal Name
001 - CONTROL NUMBER
- control field: 41518
003 - CONTROL NUMBER IDENTIFIER
- control field: OSt
005 - DATE AND TIME OF LATEST TRANSACTION
- control field: 20161012153421.0
008 - FIXED-LENGTH DATA ELEMENTS
- fixed length control field: 161012|| aca||aabn | a|a d
040 ## - CATALOGING SOURCE
- Original cataloging agency: OSt
100 1# - HEADING--PERSONAL NAME
- Personal name: Schreyer, Alexander
- Fuller form of name: (Alexander C.)